Central Library OPAC University of Rajshahi

সাজাহান / (Record no. 39001)

MARC details
000 -LEADER
fixed length control field 00831nam a2200229 a 4500
001 - CONTROL NUMBER
control field 39001
003 - CONTROL NUMBER IDENTIFIER
rucl marc code BD-RjUL
005 - DATE AND TIME OF LATEST TRANSACTION
control field 20211209052910.0
008 - FIXED-LENGTH DATA ELEMENTS--GENERAL INFORMATION
fixed length control field 160328s1997 ii 000 0 beno
035 ## - SYSTEM CONTROL NUMBER
System control number (BD-RjUL)39111
040 ## - CATALOGING SOURCE
Original cataloging agency BD-RjUL
Transcribing agency BD-RjUL
Language of cataloging ben
041 ## - LANGUAGE CODE
Language code of text/sound track or separate title ben
082 ## - DEWEY DECIMAL CLASSIFICATION NUMBER
Classification number 891.4424
Author mark and year ROS 1997
100 1# - MAIN ENTRY--PERSONAL NAME
Personal name রায়, দ্বিজেন্দ্রলাল
Dates associated with a name ১৮৬৪-১৯১৩
9 (RLIN) 119722
245 10 - TITLE STATEMENT
Title সাজাহান /
Statement of responsibility, etc. দ্বিজেন্দ্রলাল রায়
250 ## - EDITION STATEMENT
Edition statement ২য় সং.
260 ## - PUBLICATION, DISTRIBUTION, ETC. (IMPRINT)
Place of publication, distribution, etc. কলিকাতা :
Name of publisher, distributor, etc. মুখোশ,
Date of publication, distribution, etc. ১৯৯৭ [১৪০৪]
300 ## - PHYSICAL DESCRIPTION
Pagination ১৮৩ পৃ. ;
Size ১৮ সেমি.
650 ## - SUBJECT ADDED ENTRY--TOPICAL TERM
Topical term or geographic name as entry element বাংলা নাটক
Chronological subdivision ২০ শতক
9 (RLIN) 119730
Topical term or geographic name as entry element Bengali drama
Chronological subdivision 20th century
9 (RLIN) 119731
942 ## - ADDED ENTRY ELEMENTS (KOHA)
Source of classification or shelving scheme Dewey Decimal Classification
Koha item type Books
Holdings
Lost status Source of classification or shelving scheme Damaged status Not for loan Collection code Permanent Location Current Location Shelving location Date acquired Source of acquisition Cost, normal purchase price Total Checkouts Full call number Date last seen Date checked out Copy number Koha item type
  Dewey Decimal Classification     Non-fiction Central Library, University of Rajshahi Central Library, University of Rajshahi   15/02/2009 Chittagong, Chittagong Bondor 150.00 3 B 891.4424 ROS 1997 14/09/2023 31/08/2023 C-2 Books